Statystyki dla SŁOWA, KTÓRE ZACZYNAJĄ SIĘ NA TELE-

Kliknij tutaj aby rozwiązać quiz!

Ogólne statystyki

  • Ten quiz został rozwiązany 554 razy
  • Średni wynik to 4 z 7

Statystyki odpowiedzi

Odpowiedź% Poprawnych
TELEFON
98%
TELEWIZOR
79%
TELEGRAM
60%
TELEWIZJA
52%
TELESKOP
41%
TELENOWELA
29%
TELETURNIEJ
21%

Rozkład punktacji

Percentyl według liczby udzielonych odpowiedzi

Procent ludzi z każdym wynikiem

Twoja historia wyników

Nie rozwiązałeś tego quizu